| 000 | 00976 a2200301 4500 | ||
|---|---|---|---|
| 001 | 200421038 | ||
| 003 | TR-AnTOB | ||
| 005 | 20240806162751.0 | ||
| 008 | 150119e1999 tu 001 0 | ||
| 020 | _a1582680051 | ||
| 040 |
_aDLC _beng _dTR-AnTOB _erda _cTR-AnTOB |
||
| 041 | _aeng | ||
| 050 | 0 |
_aHF5430 _b.S46 1999 |
|
| 090 | _aHF5430 .S46 1999 | ||
| 245 | 0 | 0 | _aShopping center management. |
| 264 | 1 |
_aNew York : _bInternational Council of Shopping Centers, _c[1999] |
|
| 264 | 4 | _c©1999 | |
| 300 |
_axvi,331 pages : _billustrations, forms ; _c26 cm. |
||
| 336 |
_atext _2rdacontent _btxt |
||
| 337 |
_aunmediated _2rdamedia _bn |
||
| 338 |
_avolume _2rdacarrier _bnc |
||
| 490 | 0 |
_aMimarlar Odası Yayınları ; _v18 |
|
| 504 | _aIncludes bibliographical references and index. | ||
| 650 | 0 |
_aShopping centers _xManagement _969756 |
|
| 710 | 1 |
_aInternational Council of Shopping Centers _9103584 |
|
| 942 |
_cBK _2lcc |
||
| 999 |
_c200421038 _d36416 |
||